000 00643nam a2200229Ia 4500
003 OSt
005 20220924130715.0
006 a|||||r|||| 00| 0
007 ta
008 220923b |||||||| |||| 00| 0 fre d
024 _a244271
037 _cTextual
040 _aARTS
_cARTS
_bfre
041 _2fre
_afre
082 _aB25, L61
100 _aGilbert J William
_9200585
245 0 _aModern algebra with applications
260 _aToronto
_bA Wiley Interscience Publication . John Wiley And Sond .
_c1976
300 _axii, 348p.
_ccm.
942 _hB25, L61
_cTEXL
_2CC
999 _c425239
_d425239